The weird. A compendium of strange and dark stories.

Gespeichert in:
Bibliographische Detailangaben
Weitere Verfasser: VanderMeer, Ann (HerausgeberIn), VanderMeer, Jeff (HerausgeberIn)
Format: Unbekannt
Sprache:Englisch
Veröffentlicht: New York, USA: Tor Books; A Tom Doherty Associates Book, 2012.
Schlagworte:
Tags: Tag hinzufügen
Keine Tags, Fügen Sie den ersten Tag hinzu!

MARC

LEADER 00000 a2200000 4500
003 CL-VaPUC
005 20240111160029.0
008 231219t2012 ||||| |||| 00| 0 eng d
999 |c 442294  |d 442292 
020 |a 978-0-7653-3362-9 
040 |c Pontificia Universidad Católica de Valparaíso 
082 |2 22  |a 808.83876 VAN 2012 
100 |a VanderMeer, Ann   |9 886676  |e editor  
245 |a The weird.  |b  A compendium of strange and dark stories. 
260 |a New York, USA:   |b Tor Books;  |b A Tom Doherty Associates Book,   |c 2012. 
300 |a XX, 1126 páginas.  
583 |k GC  |c 20231219 
650 0 |9 567443  |a Literatura de ciencia ficción   |v Compilación  |y Siglos 19-20  
700 |9 883590  |a VanderMeer, Jeff  |e editor  
942 |2 ddc  |c BK 
952 |0 0  |1 0  |2 ddc  |4 0  |6 808_838760000000000_VAN_2012  |7 0  |8 A  |9 592916  |a BIBEDU  |b BIBEDU  |c GEN  |d 2023-12-19  |e 3  |g 29746.34  |i 5659867  |o 808.83876 VAN 2012  |p 5659867  |r 2023-12-19  |t 1  |v 29746.34  |w 2023-12-19  |y BK  |k LIT 
952 |0 0  |1 0  |2 ddc  |4 0  |6 808_838760000000000_VAN_2012  |7 0  |8 A  |9 592917  |a BIBEDU  |b BIBEDU  |c GEN  |d 2023-12-19  |e 3  |g 29746.34  |i 5659869  |o 808.83876 VAN 2012  |p 5659869  |r 2023-12-19  |t 3  |v 29746.34  |w 2023-12-19  |y BK  |k LIT 
952 |0 0  |1 0  |2 ddc  |4 0  |6 808_838760000000000_VAN_2012  |7 0  |8 A  |9 592918  |a BIBEDU  |b BIBEDU  |c GEN  |d 2023-12-19  |e 3  |g 29746.34  |i 5659868  |o 808.83876 VAN 2012  |p 5659868  |r 2023-12-19  |t 2  |v 29746.34  |w 2023-12-19  |y BK  |k LIT